| 000 | 00553nam a22001697a 4500 | ||
|---|---|---|---|
| 008 | 161114b xxu||||| |||| 00| 0 eng d | ||
| 020 | _a9780077697464 | ||
| 050 |
_aHF1017 _b.J34 2013 |
||
| 100 | _aJaggia, Sanjiv, 1960- | ||
| 245 |
_aBusiness statistics : _b communicating with numbers / _cSanjiv Jaggia, Alison Kelly. |
||
| 260 |
_aNew York, NY : _b McGraw-Hill/Irwin, _c2013. |
||
| 300 | _a xxxi, 714 p. ; |c 29 cm. | ||
| 500 | _a Includes index. | ||
| 650 | _aCommercial statistics. | ||
| 700 | _aHawke, Alison Kelly. | ||
| 942 |
_2lcc _cBK |
||
| 999 |
_c47206 _d47206 |
||